000 00845nab a2200253 u 4500
001 17505
003 HDC
007 cr bn ---aaaaa
008 210223c mydr|noo 0 a may d
040 _aHDC
100 _aAhmad Shahrul Nizam Muhammad
_eauthor
_914752
245 0 _aAnjing dalam kilang mihun /
_cby Ahmad Shahrul Nizam Muhammad
260 _aMalaysia :
_bHarian Metro, ,
_c2002
336 _atext
_2rdacontent
337 _acomputer
_2rdamedia
338 _aonline resource
_2rdacarrier
650 _afood process
_915258
650 _aslaughter issues
_915812
710 _aHarian Metro,
856 _zRequest full-text at [email protected]
942 _2lcc
942 _cNEWS
942 _kNWSO 008684
999 _c14821
_d14821